000 00487nam a22001577a 4500
005 20260312181416.0
008 260312b |||||||| |||| 00| 0 eng d
020 _a9780131441866
050 _aHD30.385 HUN
100 _aHunsaker, Philip L.
245 _aManagement:
_ba skills approach
_cPhilip L. Hunsaker
250 _a2nd ed.
260 _aUpper Saddle River, New Jersey
_bPearson/Prentice Hall
_c2005
300 _axxvii. 540p.
_bill. some color
_c25.5cm
942 _2lcc
_cBK
_e2nd ed.
_n0
999 _c8990
_d8990